| 000 | 00579nam a22001815i 4500 | ||
|---|---|---|---|
| 001 | 172119 | ||
| 003 | ES-MaACL | ||
| 005 | 20230906214824.0 | ||
| 008 | 090615s1961 sp |||| | cat d | ||
| 080 | _a946.71"10" | ||
| 100 | 1 |
_aSobrequés i Vidal, Santiago. _9106999 |
|
| 245 | 1 | 4 |
_aEls grans comtes de Barcelona / _cper S. Sobrequés i Vidal. |
| 250 | _a[1ª ed.]. | ||
| 260 |
_aBarcelona : _bVicens-Vives, _c1961. |
||
| 300 |
_a226 p., 1 h. de lám., 2 gráf. pleg. ; _c21 cm. |
||
| 651 | 4 |
_aCataluña- _xHistoria- _yS.XI. _9140696 |
|
| 852 |
_aES-MaACL _jC-20466 _9R.48259 |
||
| 999 |
_c172119 _d172119 |
||